COVER RAP FR - Statistiques

Statistiques générales
  • Ce quiz a été pris 191 fois
  • Le résultat moyen est 6 sur 16
Statistiques - réponses
Par images Réponse % Correct
Trone
80%
batterie faible
79%
Projet blue beam
60%
mental
57%
La fosse aux lions
49%
taciturne
45%
100 visages
40%
Garçon
34%
Kolaf
32%
Zombie life
31%
couleur de ma peine
28%
matrix
23%
Laila
15%
Vréalité
14%
Wilma
11%
one man army
6%
Aucun quiz correspondant
Distribution des résultats
% des personnes avec chaque résultat
Percentile par nombre de réponses
Votre historique - résultats
Vous n’avez pas pris ce quiz